Religion Quiz

Random Religion or Food Quiz

Jewish Foods by Image Quiz Stats

 Plays Quiz not verified by Sporcle

Score 0/18 Timer 04:00
0 Plays Today
Food % Correct
Bagel
95.9%
Matzo
81.8%
Lox
77.1%
Challah
71.1%
Latke
70.3%
Hanukkah Gelt
63.6%
Matzo Ball Soup
63.5%
Blintz
57.7%
Borscht
48.6%
Food % Correct
Gefilte Fish
44.9%
Kugel
42.7%
Hamantash
38.2%
Chopped Liver
32.9%
Knish
31.9%
Sufganiyah
30%
Kreplach Soup
22.1%
Israeli Salad
22%
Schmaltz
21%

You're not logged in!

Compare scores with friends on all Sporcle quizzes.
OR
Log In

You Might Also Like...

Show Comments

Extras

Top Quizzes Today


Score Distribution

Your Account Isn't Verified!

In order to create a playlist on Sporcle, you need to verify the email address you used during registration. Go to your Sporcle Settings to finish the process.

Report this User

Report this user for behavior that violates our Community Guidelines.

Details: